South Eastern Kenya University

Library Online Public Access Catalogue


Characterization analysis and review of hazardous waste management in oil drilling fields in Turkana, Kenya (Record no. 18781)

MARC details
000 -LEADER
fixed length control field 00332nam a22001097a 4500
050 ## - LIBRARY OF CONGRESS CALL NUMBER
Classification Number (The) TD 789
Item Number .O8 2024
100 ## - MAIN ENTRY--Author
Personal name Otieno Avy Nyateng
245 ## - TITLE
Title Characterization analysis and review of hazardous waste management in oil drilling fields in Turkana, Kenya
300 ## - PHYSICAL DESCRIPTION
Extent 66p.
650 ## - SUBJECT--TOPIC
Topical term following geographic name as entry element Waste management
942 ## - ADDED ENTRY ELEMENTS(KOHA)
Source of classification or shelving scheme Library of Congress Classification
Koha item type Thesis
Holdings
Source of classification or shelving scheme Not for loan Location (home branch) Sublocation (holding branch) Shelving location Date accessioned Full call number Barcode Koha item type
Library of Congress Classification   Wote Campus Library Wote Campus Library Reference 09/03/2026 (The) TD 789 .O8 2024 2024/027119 Thesis
Kitui, Kenya.
+254736116989
library@seku.ac.ke